Alle Podien in der F1 Saison 2012 - Statistiken

Allgemein
  • Dieses Quiz wurde 265 mal gespielt
  • Das Durchschnittsergebnis liegt bei 9 aus 13
Antwortstatistiken
Hint Antwort % Korrekt
7 Lewis Hamilton
99%
10 Sebastian Vettel
99%
13 Fernando Alonso
96%
4 Mark Webber
87%
6 Jenson Button
85%
2 Felipe Massa
82%
1 Michael Schumacher
80%
2 Nico Rosberg
80%
1 Pastor Maldonado
53%
3 Romain Grosjean
50%
3 Sergio Perez
44%
7 Kimi Raikönen
42%
1 Kamui Kobayashi
26%
Keine übereinstimmenden Quizze gefunden
Verteilung der Resultate
Anzahl Personen mit jedem Resultat
Perzentil nach korrekt beantworteten Fragen
Ihre Resultats-Entwicklung
Sie haben dieses Quiz noch nicht gespielt